书目信息 |
| 题名: |
现代日本概况
|
|
| 作者: | 李中林 编著 | |
| 分册: | ||
| 出版信息: | 北京 北京航空航天大学出版社 2000.09 |
|
| 页数: | 244页 | |
| 开本: | 20cm | |
| 丛书名: | ||
| 单 册: | ||
| 中图分类: | H369.4 | |
| 科图分类: | ||
| 主题词: | 日语 | |
| 电子资源: | ||
| ISBN: | 7-81077-010-1 | |
| 000 | 00583nam0 2200193 45 | |
| 001 | 0460062289 | |
| 005 | 2004092416410227 | |
| 010 | @a7-81077-010-1@d15.00CNY | |
| 100 | @a20040924d2000 km y0chiy0120 ea | |
| 101 | 0 | @achi |
| 200 | 1 | @a现代日本概况@AXian Dai Ri Ben Gai Kuang@e日汉对照@f李中林编著@FLi Zhong Lin Bian Zhu |
| 210 | @a北京@c北京航空航天大学出版社@d2000.09 | |
| 215 | @a244页@d20cm | |
| 517 | @a日汉对照@ARi Han Dui Zhao | |
| 606 | 0 | @a日语 |
| 690 | @aH369.4@v4 | |
| 701 | 0 | @a李中林@ALi Zhong Lin@4编著 |
| 801 | 0 | @aCN@bPFT@c20040924 |
| 905 | @a平顶山工学院@dH369.4@eL343 | |
| 现代日本概况:日汉对照/李中林编著.-北京:北京航空航天大学出版社,2000.09 |
| 244页;20cm |
| ISBN 7-81077-010-1:15.00CNY |
| ● |
| 相关链接 |
|
|
|
正题名:现代日本概况
索取号:H369.4/L343
 
预约/预借
| 序号 | 登录号 | 条形码 | 馆藏地/架位号 | 状态 | 备注 |
| 1 | 396588 | 203965888 | 语言库209/209语言库 131排1列3层/ [索取号:H369.4/L343] | 在馆 | |
| 2 | 396589 | 203965897 | 语言库209/ [索取号:H369.4/L343] | 在馆 | |
| 3 | 396590 | 203965904 | 语言库209/209语言库 131排1列3层/ [索取号:H369.4/L343] | 在馆 |